000 00782nam a2200181 i 4500
001 166847
003 ES-MaACL
005 20250903063110.0
008 960320s1894 sp |||| | spa d
040 _aCLM
_bspa
_cCCPB | SIC
100 1 _aVal y Giménez, Mariano de
_eaut
_9133487
245 1 0 _aProyecto de reforma del Código de comercio en lo relativo a suspensiones de pagos y título adicional a la Ley de Enjuiciamiento Civil :
_bestableciendo el procedimiento adecuado para las mismas /
_cMariano de Val y Giménez
260 _aMadrid :
_b[s.n.],
_c1894
_f(R. Velasco, impresor)
300 _a34 páginas ;
_c23 cm
852 _aES-MaACL
_jT-1265-F-4
_z-- Enc. hol.
_z-- Donativo Bosch
_z-- Enc. en un vol. facticio
942 _2udc
999 _c166847
_d166847